Quizzes
Events
Quiz Creation
Community
Videos
Private Events
Remove Ads
Sign In
Join for FREE
Feedback
Dark Mode
Quiz Categories
Sports
Geography
Music
Movies
Television
Just For Fun
Miscellaneous
History
Literature
Language
Science
Gaming
Entertainment
Religion
Holiday
For Kids
Quiz Lab
Recent
Popular Today
Quiz Kudos Today
Editor Picks
Curator Picks
Quizzes by...
Day
Popularity
Type
Ratings
Length
Year
Community
Subscriptions
Recent Discussions
Orange Saloon
Badges
Playlists
Quests
Create
Leaderboards
Showdown
Live 5
Trivia Bingo
Activity
Puzzle Library
Sporcle Events
Private Events
Virtual Trivia
Globe League
Become a Host
Pub Owners
SporcleCon
Opinionation
Our Games
Videos
Blog
Mobile Apps
Partnerships
Remove Ads and Go Orange
Feedback
Religion
Mythology
Religious Music
World Religions
Bible
Christianity
Catholicism
Judaism
Church
Scripture
Islam
Verse
Religion
Mythology
Religious Music
World Religions
Bible
Christianity
Catholicism
Judaism
Church
Scripture
Islam
Verse
Random Quiz
Search Sporcle
×
Quiz Lab
Quiz Lab
Religion
Becoming
Type in answers that appear in a list
Type in answers that appear in a list
Classic
Best Score? Go Orange.
Wheel of Becoming Stats
Can you name the Wheel of Becoming?
By
shelbz
5m
12 Questions
2 Plays
2 Plays
2 Plays
Comments
Comments
Give Quiz Kudos
Give Quiz Kudos
-
- Ratings
hide this ad
Replay
Link that replays current quiz
Next Quiz
Link to next quiz in quiz playlist
You Got
0%
They Got
Avg Score
25%
Avg Friend Score
Upgrade to see
Score Distribution
Jump to the score distribution portion of the page
Score
0/12
Timer
05:00
0
Plays Today
Symbol
Twelve Links
% Correct
Woman giving birth
Birth
100%
Arrow stuck in the eye
Feeling
50%
Drinking tea
Craving
50%
Reaching for fruit
Grasping
50%
Funeral pyre or coffin
Old age and death
50%
Potter
Constructing Activities
0%
Blind man
Spiritual Ignorance
0%
Monkey
Discriminative Consciousness
0%
People entering a boat
Mind and Body
0%
House with 6 windows
Six Sense Base
0%
Sexual intercourse/
kissing
Sensory Stimulation
0%
Pregnant woman
Existence
0%
Quiz Playlist
Details
Report
Send in Message
Add To Playlist
Classic:
Type in answers that appear in a list
Last Updated: Feb 16, 2017
Quiz Scoreboard
CHALLENGE
Sign Up to Join the Scoreboard
Show All
Scores
Hide
Comments
May contain spoilers
Recently Published
Decade Duel: World Leaders
by jenniferyan
History
4m
Alphabetical 'K' Countries by Flag Minefield
by ylime102
Geography
3m
Pick 6: Fruits
by JohnFran
Miscellaneous
15s
More to Explore
Quiz From the Vault
Featured Blog Post
15 Basketball Trivia Facts You Can Be March Mad About
hide this ad
You Might Also Like...
Tags
Becoming
link
Symbol
Twelve
Wheel
Today's Top Quizzes in Religion
Browse Religion
hide this ad
Today's Top Quizzes in Becoming
Browse Becoming
Top Contributed Quizzes in Religion
1
4-to-1 Blitz: The Bible
2
Follow That Line: Easter Verses
3
Bible Bunker: Genesis
4
Quick Pick: Continental Religions
5
Word Ladder: Mythological Mothers
6
Complete the Bible Duos
7
Get the Picture: Seasonal Deities
8
Bible Bunker: Exodus
9
What do you know about Nowruz?
10
Mythology in Media: Jesus
Explore More
Trending Topics
Anime
Disney
Crossword
Harry Potter
Kpop
Marvel
NBA
Soccer
Song
Pokémon
NFL
Puzzle
Country
The Office
WWE
hide this ad
More By:
shelbz
Quiz
Plays
Rating
Category
Featured
Created
Skins Characters
968
5.00
Television
Sep 29, 2010
Wheel of Becoming
2
Religion
Sep 30, 2010
Go to Creator's Profile
Score Distribution
Quiz Creator Spotlight
shelbz
Follow
Send a Message
Quizzes Created
-
Created Quiz Play Count
-
More By This Creator
Popular Quizzes Today
1
Countries of Asia Without Outlines Minefield
2
Find the US States - No Outlines Minefield
3
Pick 6: Fruits
4
Alphabetical 'K' Countries by Flag Minefield
5
The Countries of the World
6
Find the Countries of Europe - No Outlines Minefield
7
US States
8
Find the US States
More Religion Quizzes
New Testament Logic Puzzle
Quiz Lab
Trending Quizzes
Pick 6: Mountains
Pick 6: Harry Potter
Pick 6: Flags
Pick 6: NFL Teams
Pick 6: Movie Franchises
Recently Updated
Adaptations: Name the Title
pecheneg
NWSL Teams
pecheneg
Women's Final Four Teams by Year
bhenderson79
Presidents Quartet II
eogle
Anything But Clue(do)
eogle
Anything But Oceanian Capitals
eogle
Anything But 7
eogle
Anything But Thing
eogle
Word Ladder: February 29
pecheneg
Song Title Questions
pecheneg
Trending Topics
NBA
Kpop
Harry Potter
Disney
Marvel
Anime
Crossword
WWE
Puzzle
NFL
The Office
Song
Soccer
Pokémon
Country
Your Account Isn't Verified!
In order to create a playlist on Sporcle, you need to verify the email address you used during registration. Go to your
Sporcle Settings
to finish the process.
Report this User
Report this user for behavior that violates our
Community Guidelines
.
Details:
Send Report
Go to the Sporcle.com Mobile Site →
Comments